[Event "Koblenz-ch"]
[Site "Koblenz"]
[Date "2003.10.07"]
[Round "3"]
[White "Herrmann, Guido"]
[Black "Lenz, Thomas1111"]
[Result "1/2-1/2"]
[WhiteElo "1574"]
[BlackElo "1930"]
[PlyCount "43"]
[EventDate "2003.09.23"]
[EventType "swiss"]
[EventRounds "7"]
[EventCountry "GER"]
[SourceTitle "EXT 2005"]
[Source "ChessBase"]
[SourceDate "2004.11.15"]
[SourceVersion "1"]
[SourceVersionDate "2004.11.15"]
[SourceQuality "1"]

1. e4 c5 2. Nf3 e6 3. d4 cxd4 4. Nxd4 Nf6 5. Nc3 Bb4 6. Bg5 Bxc3+ 7. bxc3 Qa5 8. Nb5 a6 9. Nd6+ Ke7 10. Qd2 Qe5 11. Bxf6+ gxf6 12. Rd1 Qc5 13. Nxc8+ Qxc8 14. Qd6+ Ke8 15. Qd4 e5 16. Qd5 Qxc3+ 17. Rd2 Qc6 18. Bc4 Qxd5 19. Bxd5 Nc6 20. 0-0 Rd8 21. f4 Ke7 22. fxe5 1/2-1/2